GATE Graduate Aptitude Test in Engineering/ (Record no. 175140)

MARC details
000 -LEADER
fixed length control field 00628nam a22001817a 4500
005 - DATE AND TIME OF LATEST TRANSACTION
control field 20200811113207.0
010 ## - LCCN (DPL NO)
LC control number ENG-128332
020 ## - INTERNATIONAL STANDARD BOOK NUMBER
Terms of availability 699.00
International Standard Book Number 9789353946678
035 ## - SYSTEM CONTROL NUMBER
System control number EN-111864
037 ## - SOURCE OF ACQUISITION
Source of stock number/acquisition DBAD/PUB
082 ## - DEWEY DECIMAL CLASSIFICATION NUMBER
Classification number 624
100 ## - MAIN ENTRY--PERSONAL NAME
Personal name Trishna's
245 ## - TITLE STATEMENT
Title GATE Graduate Aptitude Test in Engineering/
Statement of responsibility, etc by Trishna's
Remainder of title Civil Engineering 2021:
260 ## - PUBLICATION, DISTRIBUTION, ETC. (IMPRINT)
Place of publication, distribution, etc New Delhi
Name of publisher, distributor, etc Pearson
Date of publication, distribution, etc 2021
270 ## - ADDRESS
Address 15th floor,Tower-B,Word Trade Tower,Plot no.1,Block-C sec 16,
City Noida
Postal code 201301
Telephone number 04466540100
Electronic mail address companysecretary.india@pearson.com
300 ## - PHYSICAL DESCRIPTION
Extent various pages.
Dimensions 25cm(pbk)
942 ## - ADDED ENTRY ELEMENTS (KOHA)
Source of classification or shelving scheme Dewey Decimal Classification
Item type English Books
Classification part 624
Call number suffix TRI
Holdings
Withdrawn status Lost status Not for loan Collection code Home library Current library Date acquired Source of acquisition Cost, normal purchase price Full call number Barcode Copy number Cost, replacement price Koha item type
      Non-fiction Bawana Bawana 11/08/2020 DBAD/PUB 699.00 624 TRI EN-111864 1 699.00 English Books

© Delhi Public Library
Hit Counter
free hit counter